000
00295nam a2200121Ia 4500
008
231120s2020 xx 000 0 und d
041
_a
eng
082
_a
751.42
100
_a
JEAN HAINES
245
_a
ATOMOSPHERIC WATER COLOURS
260
_a
SEARCH PRESS
_b
SEARCH PRESS
_c
2020
300
_a
H-176
999
_c
933327
_d
933327